| 000 | 00530 a2200157 4500 | ||
|---|---|---|---|
| 999 |
_c4813 _d4813 |
||
| 020 | _a0435901192 | ||
| 050 | 0 | 0 |
_aPQ9389.2 KAN 1962 _aPQ9389.2 KAN 1962 |
| 100 | 1 |
_aKane, Hamidou. _eauthor |
|
| 245 | 1 | 0 |
_aAmbiguous adventure _c[by] Cheikh Hamidou Kane; translated from the French by Katherine Woods. |
| 264 |
_aOxford: _bHeinemann Educational Publishers, _c1962 |
||
| 300 | _a178 p. | ||
| 500 | _aTranslation of L'aventure ambigu.อก | ||
| 650 |
_aAfrica -- Fiction. _xFiction |
||
| 651 | 0 | _aAfrica | |
| 942 |
_2lcc _cBK _h9389.2 _iKAN _kPQ |
||